000 01964cab a22003735a 4500
001 L144258
008 080707e2008 xxk f v 000 0 eng d
035 _a(Sirsi) u144258
041 0 _aeng
100 1 _aLewsley, Christopher
245 0 0 _aRatings (Empty Properties) Act 2007
260 _c2008
490 0 _aRating and Valuation Reporter
_v2008, 134-138(5)
520 _aDiscusses the Rating(Empty Properties) Act 2007 with reference to relevant case law to explain how the Act is likely to work out in practice and what owners of unoccupied buildings may find useful to know. Provides a brief history of rating empty non-domestic property. Covers: the main elements of the Act, including the chargeable amount and anti-avoidance; the regulations; business rates information letter; completion notices; exemptions.
590 _aKA
650 2 4 _aRATING (EMPTY PROPERTIES) ACT 2007
650 2 4 _aTOWN AND COUNTRY PLANNING ACT 1990
650 2 4 _aWATFORD BC V PARCOURT PROPERTY INVESTMENT COMPANY LTD
650 2 4 _aENCON INSULATION (NOTTINGHAM) LTD V NOTTINGHAM CITY COUNCIL
650 2 4 _aRAVENSEFT PROPERTIES LTD V NEWHAM (LBC)
650 2 4 _aPOST OFFICE V NOTTINGHAM CITY COUNCIL
650 2 4 _aDRAKE INVESTMENT LTD V LEWISHAM LBC
650 2 4 _aFRENCH KIER PROPERTY INVESTMENTS LTD V GRICE(VO) AND LIVERPOOL CITY COUNCIL
650 2 4 _aSPEARS BROTHERS V RUSHMOOR BOROUGH COUNCIL
650 2 4 _aTOWER HAMLETS (LBC) V ST KATHERINE BY THE TOWER LTD EASIWORK HOMES LTD V REDBRIDGE LONDON (BC)
650 2 4 _aHAILBURY INVESTMENTS LTD V WESTMINSTER CITY COUNCIL
650 2 4 _aREGENT LION PROPERTIES V WESTMINSTER CC
650 2 4 _aPROVIDENCE PROPERTIES LTD V LIVERPOOL CITY COUNCIL
650 2 4 _aDEBENHAMS PLC V WESTMINSTER CITY COUNCIL
650 2 4 _aGE BOWRA GROUP LTD V THANET DISTRICT COUNCIL
651 4 _aEngland and Wales
_y1543-
690 _aPROPERTY-COMMERCIAL PROPERTY-COMMERCIAL PROPERTY TAXATION-BUSINESS RATES
942 _n0
999 _c80405
_d80405